Регионална библиотека "Любен Каравелов" - Русе

По стръмното към звездите (Запис номер 163480)

MARC детайли
000 -Лидер
Контролно поле с фиксирана дължина 01347nam a2200325 a 4500
003 - Код на организацията, давaща контролен номер
Контролно поле BLK
005 - Дата и час на последна редакция
Контролно поле 20231102095212.0
008 - Елементи от данни с фиксирана дължина
fixed length control field 180410b bul|||||r ||||||| ||bul||
010 ## - Наследен системен номер
LC control number KNG00170908000
040 ## - Източник на каталожния запис
Идентификатор на билиотеката - собственик на записа BLK
041 ## - Код за език
Код за езика на текст/звукозапис или на отделно заглавие Български
Код за езика КДБФ Български
080 ## - УДК
Текстов определител УДК Българска литература
УДК код - определител по УДК 821.163.2
УДК определител -93-32
УДК - код + определител 821.163.2-93-32
100 1# - Редна дума - Автор
Автор Попова-Мутафова, Фани Добрева
Дати, свързани с автора 1902-1977
Автор - информация (биография) писател
Авторска отговорност първи автор
R(LIN) 366640
139 ## - Редно поле
Редна дума Попова-Мутафова, Фани Добрева
Авторски знак Попов - П 76
245 10 - Сведения за заглавието
Заглавие По стръмното към звездите
Подзаглавни данни Истор. разказ за Петър Берон : За деца
Редно поле (дума) Фани Добрева Попова-Мутафова; нарис. Нона Чипева.
257 ## - Страна на издаване
Страна на създаване/издаване България
260 ## - Област на издателските данни
Място на издаване, разпространение и проч. София
Име на издателя, разпространителя и проч. Отечество
Година на издаване 1977
300 ## - Физическа характеристика
Страници 32 с.
Илюстрации и др. с ил.
Размери/Мащаб 32 см
380 ## - Жанр
Жанр Детска худож. лит.
490 ## - СЕРИИ (Колекции)
Име на серия Библиотека България древна и млада
9 (RLIN) 203851
500 ## - Общи забележки
Забележка Кор. опис.
700 1# - Други автори (авторска отговорност)
Лично име Чипева, Нона
Автороска отговорност (Описва отношението между автора и произведението) нарис.
9 (RLIN) 381952
852 ## - Местоположение
Форматна сигнатура Цб ІІ 20911
856 4# - Електронен адрес и достъп
Електронен формат pdf - файл
Инструкция (цена за достъп) 0.55
Права за достъп disable
856 4# - Електронен адрес и достъп
Електронен формат pdf - файл
Инструкция (цена за достъп) 0.55
Права за достъп disable
999 ## - СИСТЕМНИ КОНТРОЛНИ НОМЕРА
Koha biblionumber 163480
Koha biblioitemnumber 163480
942 ## - АРТИКУЛИ
Вид на библиотечния материал Книги
Скрит в OPAC Не
Периодичен библиозапис Да
Koha issues (borrowed), all copies 1
944 ## - СЪЗДАВАНЕ И РЕДАКЦИЯ на ЗАПИСА
Създаване/Редакция Създаване
Дата на регистрацията/редакция 09.02.2015
Служител, извършил регистрацията/редакцията 30537
Статус, дата на статуса Грета Цуфелде
944 ## - СЪЗДАВАНЕ И РЕДАКЦИЯ на ЗАПИСА
Създаване/Редакция Редакция
Дата на регистрацията/редакция 05.10.2016
Служител, извършил регистрацията/редакцията Геновева_Генчева
999 ## - СИСТЕМНИ КОНТРОЛНИ НОМЕРА
Koha biblioitemnumber 163480
Наличности
Код за отписване Код за изгубен артикул Източник на класификационната схема Код за повреда Коз за рестрикции Код за отдаване Артикулен № Име на библиотеката - собственик Име на библиотеката, в която се намира в момента Статус (Текущо местоположение) Дата на вписване в системата Местоположение - отдел Цена в лева Инвентарен номер Систематично азбучна сигнатура Баркод Номер на екземпляра Цена в евро Служебна бележка Служебен тип на артикула
  Не е изгубен Universal Decimal Classification Не е повреден без рестрикции ползва се в читалня 274115 Регионална библиотека "Любен Каравелов" Русе Регионална библиотека "Любен Каравелов" Русе Хранилище 1977-01-01 Хранилище 0.55 225492 Цб ІІ 20911 120000225492 1 0.28 Вид: Сф N: стар фонд Дата: 01.01.1977 Книги
  Не е изгубен   Не е повреден без рестрикции заемане за дома 274116 Регионална библиотека "Любен Каравелов" Русе Регионална библиотека "Любен Каравелов" Русе Детски отдел 2016-08-30 Детски отдел 9.00 120000803620 ДХ 886.7/П 76 120000803620 2 4.60 Дост: DA Вид: А N: 33 Дата: 30.08.2016 Книги
Vip Innovations Ltd, Rousse, Bulgaria 2025